| 000 | 00360nam a2200145Ia 4500 | ||
|---|---|---|---|
| 008 | 210210b1983 xxu||||| |||| 00| 0 eng d | ||
| 082 | _a576.648 BOSI | ||
| 100 | _aBOS (L). | ||
| 245 | _aIntroduction to plant virology | ||
| 260 |
_a _bOxford & IBH Publishing Co _c1983 |
||
| 300 | _a160 | ||
| 650 | _aPlant Virology | ||
| 690 | _aVirology | ||
| 906 | _a036263 | ||
| 999 |
_c86740 _d86740 |
||